Every Country with an Olympic Medal: Archery - Statistics

General Stats
  • This quiz has been taken 27 times
  • The average score is 16 of 24
Answer Stats
# of Medals Country % Correct
10 China
100%
26 France
92%
10 Great Britain
92%
2 Russia
92%
34 USA
92%
4 Germany
88%
7 Japan
88%
50 South Korea
83%
9 Italy
75%
1 Spain
75%
2 Sweden
75%
3 Australia
71%
4 Finland
71%
2 Poland
71%
4 Mexico
67%
3 Netherlands
63%
7 Soviet Union
63%
21 Belgium
58%
1 Indonesia
54%
2 Turkey
54%
4 Ukraine
46%
4 Chinese Taipei
21%
2 Unified Team
13%
2 Russian Olympic Committee
8%
No matching quizzes found
Score Distribution
Percent of People with Each Score
Percentile by Number Answered
Your Score History
You have not taken this quiz